Natália Correia (Record no. 16486)

MARC details
000 -Etiqueta do registo
Valores 00475nam a2200181 4500
010 ## - Número ISBN
ISBN 9789899080409
021 ## - Número do Depósito Legal
Número 560215/26
100 ## - Dados gerais de processamento
Dados gerais 20260427 pory50
200 ## - Titulo e menção de responsabilidade
Título próprio Natália Correia
Informação de outro título João Pedro George
210 ## - Publicação
Local de publicação [S.L.]
Nome do editor Reverso
Data de publicação 20256
215 ## - Descrição física 
Paginação / Volumes 143 p.
Dimensões 20 cm
225 ## - Colecção 
Título próprio da colecção Retratos Politicos;
Indicação de volume 3)
300 ## - Notas gerais 
Texto da nota Livro oferecido com a revista "Sábado"
606 ## - Nome comum usado como assunto
ID Autoridade 85
Palavra de ordem Biografias
801 ## - Fonte de origem
País PT
Agência BMA
Regras de catalogação RPC
990 ## - Elementos KOHA
Tipo de documento Livro
Holdings
Situação do levantamento Estado Biblioteca de origem Código de barras Cota Permissão de empréstimo Tipo de documento Forma de aquisição
    Biblioteca Municipal do Alandroal 18539/26 929 COR   Livro Oferta

Powered by Koha